Country Name Etymologies Click Quiz: A - Statistics

General Stats
  • This quiz has been taken 142 times
  • The average score is 9 of 11
Answer Stats
Hint Extra Hint Answer % Correct
Land of the Albanians Byzantine Greek Albania
99%
Land of the Afghans Persian Afghanistan
98%
Land of Algiers French Algeria
98%
Land of the Armeniol Greek Armenia
95%
Southern land Neo-Latin Australia
84%
Land of Ndongo Portuguese Angola
83%
Silvery land Italian Argentina
81%
Eastern March German Austria
74%
Ancient beard Spanish Antigua and Barbuda
71%
Land of Atropates Persian Azerbaijan
66%
The forest / Scrubland Arabic Andorra
44%
No matching quizzes found
Score Distribution
Percent of People with Each Score
Percentile by Number Answered
Your Score History
You have not taken this quiz